History Quiz

Random History or Canada Quiz

Canadian Historical Figures Match-Up Quiz Stats

 Plays Quiz Updated Jul 1, 2017

Support Sporcle.
Go Orange.
Score 0/28 Timer 06:00
0 Plays Today
% Correct
Pierre
91.3%
Margaret
80%
René
73.6%
Lester
69%
Terry
67%
Wilfrid
66.1%
Mary
64.4%
Kim
64.3%
James
64.3%
Louis
62.6%
Laura
59.3%
Billy
55.1%
Mordecai
52.7%
Emily
52.3%
% Correct
Tommy
50.9%
Frederick
49.9%
Marshall
49.6%
Nellie
48.4%
Rick
47.8%
Roberta
45.9%
Charles
43.9%
John
43.2%
Foster
42.6%
Isaac
42.6%
Sandford
39.9%
Tom
38.9%
Norman
38.1%
Arthur
34.5%

You're not logged in!

Compare scores with friends on all Sporcle quizzes.
OR
Log In
Forgot?

From the Vault

Missing Word, Hidden Object: Books

by MoMosMoProblems

Well now we've lost both the word and the object.
Remove Ads.
Support Sporcle.
Get the best of Sporcle when you Go Orange. This ad-free experience offers more features, more stats, and more fun while also helping to support Sporcle. Thank you for becoming a member.

Show Comments

Extras

Top Quizzes Today


Score Distribution

Your Account Isn't Verified!

In order to create a playlist on Sporcle, you need to verify the email address you used during registration. Go to your Sporcle Settings to finish the process.

Report this User

Report this user for behavior that violates our Community Guidelines.

Details: